000 00427nam a22001817a 4500
003 koha_MIRAKIL
005 20231213095548.0
008 231213b |||||||| |||| 00| 0 ||| d
020 _b978-1-60537-091-0
040 _aTR-IsEVY
_btur
_cTR-IsEVY
082 _a420 SLE/P
100 _aSLEGERS, LIESBET.
245 0 _aPLAYING.
260 _bClavis,
_c2010
300 _a[ ] p.
650 _aİngiliz Dili.
942 _2ddc
_cBK
999 _c5708
_d5708